<?xml version="1.0" encoding="UTF-8"?>
<record
    xmlns:xsi="http://www.w3.org/2001/XMLSchema-instance"
    xsi:schemaLocation="http://www.loc.gov/MARC21/slim http://www.loc.gov/standards/marcxml/schema/MARC21slim.xsd"
    xmlns="http://www.loc.gov/MARC21/slim">

  <leader>00347nam a22001577a 4500</leader>
  <controlfield tag="003">SGT</controlfield>
  <datafield tag="020" ind1=" " ind2=" ">
    <subfield code="a">9789354667718</subfield>
  </datafield>
  <datafield tag="082" ind1=" " ind2=" ">
    <subfield code="a">616.024</subfield>
    <subfield code="b">B24K</subfield>
  </datafield>
  <datafield tag="100" ind1=" " ind2=" ">
    <subfield code="a">KUNDU, ARUP KUMAR </subfield>
  </datafield>
  <datafield tag="245" ind1=" " ind2=" ">
    <subfield code="a">BEDSIDE CLINICS IN MEDICINE </subfield>
  </datafield>
  <datafield tag="250" ind1=" " ind2=" ">
    <subfield code="a">9TH</subfield>
  </datafield>
  <datafield tag="260" ind1=" " ind2=" ">
    <subfield code="a">INDIA </subfield>
    <subfield code="b">CBS PUB</subfield>
    <subfield code="c">2024</subfield>
  </datafield>
  <datafield tag="300" ind1=" " ind2=" ">
    <subfield code="a">504</subfield>
  </datafield>
  <datafield tag="650" ind1=" " ind2=" ">
    <subfield code="a">GENERAL MEDICINE </subfield>
  </datafield>
  <datafield tag="942" ind1=" " ind2=" ">
    <subfield code="2">ddc</subfield>
    <subfield code="c">BK</subfield>
  </datafield>
  <datafield tag="952" ind1=" " ind2=" ">
    <subfield code="0">0</subfield>
    <subfield code="1">0</subfield>
    <subfield code="2">ddc</subfield>
    <subfield code="4">0</subfield>
    <subfield code="7">1</subfield>
    <subfield code="8">MEDICAL</subfield>
    <subfield code="a">FM</subfield>
    <subfield code="b">FM</subfield>
    <subfield code="c">REF</subfield>
    <subfield code="d">2025-02-13</subfield>
    <subfield code="e">ABC DELHI</subfield>
    <subfield code="g">995.00</subfield>
    <subfield code="h">VOL-1</subfield>
    <subfield code="i">SGTU</subfield>
    <subfield code="o">616.024 B24K</subfield>
    <subfield code="p">FM14605</subfield>
    <subfield code="r">2025-03-25 00:00:00</subfield>
    <subfield code="w">2025-02-13</subfield>
    <subfield code="y">BK</subfield>
    <subfield code="k">20481</subfield>
  </datafield>
  <datafield tag="952" ind1=" " ind2=" ">
    <subfield code="0">0</subfield>
    <subfield code="1">0</subfield>
    <subfield code="2">ddc</subfield>
    <subfield code="4">0</subfield>
    <subfield code="7">0</subfield>
    <subfield code="8">MEDICAL</subfield>
    <subfield code="a">FM</subfield>
    <subfield code="b">FM</subfield>
    <subfield code="c">TXT</subfield>
    <subfield code="d">2025-02-13</subfield>
    <subfield code="e">ABC DELHI</subfield>
    <subfield code="g">995.00</subfield>
    <subfield code="h">VOL-1</subfield>
    <subfield code="i">SGTU</subfield>
    <subfield code="l">5</subfield>
    <subfield code="o">616.024 B24K</subfield>
    <subfield code="p">FM14606</subfield>
    <subfield code="r">2026-06-01 13:16:38</subfield>
    <subfield code="s">2026-05-18</subfield>
    <subfield code="w">2025-02-13</subfield>
    <subfield code="y">BK</subfield>
    <subfield code="k">20481</subfield>
  </datafield>
  <datafield tag="952" ind1=" " ind2=" ">
    <subfield code="0">0</subfield>
    <subfield code="1">0</subfield>
    <subfield code="2">ddc</subfield>
    <subfield code="4">0</subfield>
    <subfield code="7">0</subfield>
    <subfield code="8">MEDICAL</subfield>
    <subfield code="a">FM</subfield>
    <subfield code="b">FM</subfield>
    <subfield code="c">TXT</subfield>
    <subfield code="d">2025-02-13</subfield>
    <subfield code="e">ABC DELHI</subfield>
    <subfield code="g">995.00</subfield>
    <subfield code="h">VOL-1</subfield>
    <subfield code="i">SGTU</subfield>
    <subfield code="l">7</subfield>
    <subfield code="o">616.024 B24K</subfield>
    <subfield code="p">FM14607</subfield>
    <subfield code="q">2026-06-01</subfield>
    <subfield code="r">2026-05-18 00:00:00</subfield>
    <subfield code="s">2026-05-18</subfield>
    <subfield code="w">2025-02-13</subfield>
    <subfield code="y">BK</subfield>
    <subfield code="k">20481</subfield>
  </datafield>
  <datafield tag="952" ind1=" " ind2=" ">
    <subfield code="0">0</subfield>
    <subfield code="1">0</subfield>
    <subfield code="2">ddc</subfield>
    <subfield code="4">0</subfield>
    <subfield code="7">0</subfield>
    <subfield code="8">MEDICAL</subfield>
    <subfield code="a">FM</subfield>
    <subfield code="b">FM</subfield>
    <subfield code="c">TXT</subfield>
    <subfield code="d">2025-02-13</subfield>
    <subfield code="e">ABC DELHI</subfield>
    <subfield code="g">995.00</subfield>
    <subfield code="h">VOL-1</subfield>
    <subfield code="i">SGTU</subfield>
    <subfield code="l">5</subfield>
    <subfield code="o">616.024 B24K</subfield>
    <subfield code="p">FM14608</subfield>
    <subfield code="r">2026-02-21 00:00:00</subfield>
    <subfield code="s">2026-02-02</subfield>
    <subfield code="w">2025-02-13</subfield>
    <subfield code="y">BK</subfield>
    <subfield code="k">20481</subfield>
  </datafield>
  <datafield tag="952" ind1=" " ind2=" ">
    <subfield code="0">0</subfield>
    <subfield code="1">0</subfield>
    <subfield code="2">ddc</subfield>
    <subfield code="4">0</subfield>
    <subfield code="7">1</subfield>
    <subfield code="8">MEDICAL</subfield>
    <subfield code="a">FM</subfield>
    <subfield code="b">FM</subfield>
    <subfield code="c">REF</subfield>
    <subfield code="d">2025-02-13</subfield>
    <subfield code="e">ABC DELHI</subfield>
    <subfield code="g">695.00</subfield>
    <subfield code="h">VOL-2</subfield>
    <subfield code="i">SGTU</subfield>
    <subfield code="o">616.024 B24K</subfield>
    <subfield code="p">FM14609</subfield>
    <subfield code="r">2025-03-25 00:00:00</subfield>
    <subfield code="w">2025-02-13</subfield>
    <subfield code="y">BK</subfield>
    <subfield code="k">20481</subfield>
  </datafield>
  <datafield tag="952" ind1=" " ind2=" ">
    <subfield code="0">0</subfield>
    <subfield code="1">0</subfield>
    <subfield code="2">ddc</subfield>
    <subfield code="4">0</subfield>
    <subfield code="7">0</subfield>
    <subfield code="8">MEDICAL</subfield>
    <subfield code="a">FM</subfield>
    <subfield code="b">FM</subfield>
    <subfield code="c">TXT</subfield>
    <subfield code="d">2025-02-13</subfield>
    <subfield code="e">ABC DELHI</subfield>
    <subfield code="g">695.00</subfield>
    <subfield code="h">VOL-2</subfield>
    <subfield code="i">SGTU</subfield>
    <subfield code="l">0</subfield>
    <subfield code="o">616.024 B24K</subfield>
    <subfield code="p">FM14610</subfield>
    <subfield code="r">2025-03-25 00:00:00</subfield>
    <subfield code="w">2025-02-13</subfield>
    <subfield code="y">BK</subfield>
    <subfield code="k">20481</subfield>
  </datafield>
  <datafield tag="952" ind1=" " ind2=" ">
    <subfield code="0">0</subfield>
    <subfield code="1">0</subfield>
    <subfield code="2">ddc</subfield>
    <subfield code="4">0</subfield>
    <subfield code="7">0</subfield>
    <subfield code="8">MEDICAL</subfield>
    <subfield code="a">FM</subfield>
    <subfield code="b">FM</subfield>
    <subfield code="c">TXT</subfield>
    <subfield code="d">2025-02-13</subfield>
    <subfield code="e">ABC DELHI</subfield>
    <subfield code="g">695.00</subfield>
    <subfield code="h">VOL-2</subfield>
    <subfield code="i">SGTU</subfield>
    <subfield code="l">0</subfield>
    <subfield code="o">616.024 B24K</subfield>
    <subfield code="p">FM14611</subfield>
    <subfield code="r">2025-03-25 00:00:00</subfield>
    <subfield code="w">2025-02-13</subfield>
    <subfield code="y">BK</subfield>
    <subfield code="k">20481</subfield>
  </datafield>
  <datafield tag="952" ind1=" " ind2=" ">
    <subfield code="0">0</subfield>
    <subfield code="1">0</subfield>
    <subfield code="2">ddc</subfield>
    <subfield code="4">0</subfield>
    <subfield code="7">0</subfield>
    <subfield code="8">MEDICAL</subfield>
    <subfield code="a">FM</subfield>
    <subfield code="b">FM</subfield>
    <subfield code="c">TXT</subfield>
    <subfield code="d">2025-02-13</subfield>
    <subfield code="e">ABC DELHI</subfield>
    <subfield code="g">695.00</subfield>
    <subfield code="h">VOL-2</subfield>
    <subfield code="i">SGTU</subfield>
    <subfield code="l">6</subfield>
    <subfield code="o">616.024 B24K</subfield>
    <subfield code="p">FM14612</subfield>
    <subfield code="r">2026-06-01 13:16:24</subfield>
    <subfield code="s">2026-05-20</subfield>
    <subfield code="w">2025-02-13</subfield>
    <subfield code="y">BK</subfield>
    <subfield code="k">20481</subfield>
  </datafield>
  <datafield tag="999" ind1=" " ind2=" ">
    <subfield code="c">30444</subfield>
    <subfield code="d">30444</subfield>
  </datafield>
</record>
